[Event "World op 52nd"]
[Site "Philadelphia"]
[Date "2024.07.07"]
[Round "9"]
[White "Liang, Awonder"]
[Black "McShane, Luke J"]
[Result "1-0"]
[WhiteElo "2648"]
[BlackElo "2617"]
[PlyCount "69"]
[EventDate "2024.07.03"]
[EventType "swiss"]
[EventRounds "9"]
[EventCountry "USA"]
[SourceTitle "CBM 221 Extra"]
[Source "ChessBase"]
[SourceDate "2024.09.30"]
[SourceVersion "1"]
[SourceVersionDate "2024.09.30"]
[SourceQuality "1"]

1. e4 e5 2. Nf3 Nc6 3. Bb5 a6 4. Ba4 d6 5. 0-0 Bd7 6. c3 g6 7. d4 Bg7 8. h3 Nf6 9. Re1 0-0 10. Bc2 Nh5 11. Be3 Kh8 12. Nbd2 Qe8 13. Nc4 b5 14. Ncd2 f5 15. dxe5 f4 16. Bd4 Bxe5 17. a4 Rd8 18. axb5 axb5 19. Bd3 g5 20. Bxb5 Nxd4 21. cxd4 Bxb5 22. dxe5 dxe5 23. Qc2 Nf6 24. Qxc7 g4 25. hxg4 Nxg4 26. Ra7 Bd7 27. Rd1 Rf7 28. Nc4 Rc8 29. Nd6 Rxc7 30. Rxc7 Qa8 31. Nxf7+ Kg8 32. Rcxd7 Qxe4 33. Rc7 Qe2 34. Nh6+ Nxh6 35. Rd8# 1-0

[Event "World op 52nd"]
[Site "Philadelphia"]
[Date "2024.07.06"]
[Round "7"]
[White "Guo, Arthur"]
[Black "McShane, Luke J"]
[Result "1/2-1/2"]
[WhiteElo "2529"]
[BlackElo "2617"]
[PlyCount "44"]
[EventDate "2024.07.03"]
[EventType "swiss"]
[EventRounds "9"]
[EventCountry "USA"]
[SourceTitle "CBM 221 Extra"]
[Source "ChessBase"]
[SourceDate "2024.09.30"]
[SourceVersion "1"]
[SourceVersionDate "2024.09.30"]
[SourceQuality "1"]

1. e4 e5 2. Nf3 Nc6 3. Bb5 Nf6 4. 0-0 Nxe4 5. Re1 Nd6 6. Nxe5 Be7 7. Bf1 Nf5 8. Nf3 d5 9. d4 0-0 10. c3 Bd6 11. Nbd2 Nfe7 12. h3 Ng6 13. Nb3 Bf5 14. Nc5 b6 15. Nb7 Qd7 16. Nxd6 Qxd6 17. Bg5 Rfe8 18. Bh4 Nxh4 19. Nxh4 Rxe1 20. Qxe1 Bd7 21. Nf3 Re8 22. Qd2 h6 1/2-1/2

[Event "Bundesliga 2324"]
[Site "Germany"]
[Date "2024.01.14"]
[Round "6.2"]
[White "McShane, Luke J"]
[Black "Bjerre, Jonas Buhl"]
[Result "1/2-1/2"]
[WhiteElo "2626"]
[BlackElo "2637"]
[PlyCount "196"]
[EventDate "2023.10.21"]
[EventType "team-tourn"]
[EventRounds "15"]
[EventCountry "GER"]
[SourceTitle "CBM 218 Extra"]
[Source "ChessBase"]
[SourceDate "2024.03.31"]
[SourceVersion "1"]
[SourceVersionDate "2024.03.31"]
[SourceQuality "1"]
[WhiteTeam "Werder Bremen"]
[BlackTeam "Kiel Turm"]
[WhiteTeamCountry "GER"]
[BlackTeamCountry "GER"]

1. e4 e5 2. Nf3 Nc6 3. Bb5 a6 4. Ba4 Nf6 5. 0-0 Nxe4 6. d4 b5 7. Bb3 d5 8. dxe5 Be6 9. Qe2 Be7 10. Rd1 0-0 11. c4 bxc4 12. Bxc4 Bc5 13. Be3 Bxe3 14. Qxe3 Qb8 15. Bb3 Na5 16. Nbd2 Nxb3 17. axb3 c5 18. Nxe4 dxe4 19. Qxe4 h6 20. Qe3 Bxb3 21. Rd6 Be6 22. Qc3 Qb7 23. h3 Rfc8 24. Ra5 Rab8 25. Rd2 Qc6 26. Rc2 Rb3 27. Qe1 Qb6 28. Qa1 Bxh3 29. Rxa6 Qb7 30. Ra3 Bg4 31. Nd2 Rb4 32. Qc1 Rd4 33. Nf3 Bxf3 34. Rxf3 Qd5 35. Qe3 Re4 36. Qc3 Rxe5 37. Rc1 Rb8 38. Rd3 Qe6 39. Rcd1 Rb4 40. Rd8+ Kh7 41. Rc8 Rc4 42. Rc6 Qg4 43. Qd3+ g6 44. Rd6 Rce4 45. Qc3 Qf4 46. R6d3 Qh4 47. Rd5 Rxd5 48. Rxd5 Re2 49. g3 Qe4 50. Rd1 Qf5 51. Rf1 Rc2 52. Qa3 c4 53. b4 c3 54. Qb3 Kg7 55. b5 Qd3 56. Qb1 Qe2 57. Qd1 Qe4 58. Qb1 Qe2 59. Qd1 Qxd1 60. Rxd1 Rb2 61. Rc1 c2 62. Kg2 h5 63. b6 g5 64. b7 Rxb7 65. Rxc2 Rb4 66. Rc6 f6 67. Rc7+ Kg6 68. Rc5 Re4 69. Ra5 Rd4 70. Rb5 h4 71. gxh4 Rxh4 72. Kg3 Rd4 73. f3 f5 74. Kg2 Rd2+ 75. Kg1 Kf6 76. Ra5 Ke6 77. Rb5 Rd5 78. Rb4 Rd2 79. Rb5 Rd5 80. Rb4 Ke5 81. Kf2 Rd2+ 82. Kg3 f4+ 83. Kh3 Rf2 84. Rb5+ Kd4 85. Rxg5 Ke3 86. Ra5 Rxf3+ 87. Kg2 Rf2+ 88. Kg1 Rd2 89. Ra3+ Ke2 90. Kg2 Rd8 91. Ra2+ Ke3 92. Ra3+ Ke4 93. Ra4+ Kf5 94. Ra3 Kg4 95. Kf2 Rd2+ 96. Kf1 f3 97. Ra8 Kg3 98. Rg8+ Kf4 1/2-1/2

[Event "London Classic 13th"]
[Site "London"]
[Date "2023.12.03"]
[Round "3"]
[White "McShane, Luke J"]
[Black "Niemann, Hans Moke"]
[Result "1/2-1/2"]
[WhiteElo "2626"]
[BlackElo "2659"]
[PlyCount "74"]
[EventDate "2023.12.01"]
[EventType "tourn"]
[EventRounds "9"]
[EventCountry "ENG"]
[EventCategory "16"]
[SourceTitle "CBM 217 Extra"]
[Source "ChessBase"]
[SourceDate "2024.01.31"]
[SourceVersion "1"]
[SourceVersionDate "2024.01.31"]
[SourceQuality "1"]

1. e4 e5 2. Nf3 Nc6 3. Bb5 Nf6 4. 0-0 Nxe4 5. Re1 Nd6 6. Nxe5 Be7 7. Bf1 Nxe5 8. Rxe5 0-0 9. d4 Bf6 10. Re2 b6 11. Re1 Bb7 12. Bf4 Ne4 13. Nd2 Re8 14. c3 d6 15. Nxe4 Rxe4 16. Rxe4 Bxe4 17. Qa4 a6 18. Qb3 Qd7 19. Re1 Bb7 20. Bc4 b5 21. Bd5 Bc6 22. g3 Re8 23. Rxe8+ Qxe8 24. Be3 h5 25. h4 g6 26. Kh2 Kg7 27. Bxc6 Qxc6 28. d5 Qd7 29. c4 Be5 30. cxb5 axb5 31. Qc2 Qc8 32. b3 Qa8 33. Qd3 b4 34. Qc4 Qxa2 35. Qxb4 Qa6 36. Qc4 Qxc4 37. bxc4 Kf8 1/2-1/2

[Event "London Classic 13th"]
[Site "London"]
[Date "2023.12.01"]
[Round "1"]
[White "McShane, Luke J"]
[Black "Royal, Shreyas"]
[Result "1/2-1/2"]
[WhiteElo "2626"]
[BlackElo "2404"]
[PlyCount "107"]
[EventDate "2023.12.01"]
[EventType "tourn"]
[EventRounds "9"]
[EventCountry "ENG"]
[EventCategory "16"]
[SourceTitle "CBM 217 Extra"]
[Source "ChessBase"]
[SourceDate "2024.01.31"]
[SourceVersion "1"]
[SourceVersionDate "2024.01.31"]
[SourceQuality "1"]

1. e4 c5 2. Nf3 d6 3. Bb5+ Nd7 4. 0-0 a6 5. Be2 Ngf6 6. d3 b5 7. a4 Bb7 8. Na3 e5 9. c3 Be7 10. Be3 Bc6 11. d4 cxd4 12. cxd4 Bxe4 13. axb5 axb5 14. Nxb5 Rxa1 15. Qxa1 Nd5 16. Bd2 0-0 17. Rc1 Qb8 18. Qa4 N7b6 19. Qb3 Bf5 20. dxe5 dxe5 21. Bf1 Rd8 22. Re1 Bf6 23. Bg5 Bxg5 24. Nxg5 f6 25. Ne4 Be6 26. Qa3 Nc7 27. Nbd6 Ne8 28. Nxe8 Rxe8 29. b4 Rd8 30. b5 Rd4 31. g3 Nc4 32. Qc5 Nd6 33. Nc3 Qc8 34. Qxc8+ Bxc8 35. Ra1 Bb7 36. Na4 Ne4 37. Bg2 Rb4 38. b6 Nd6 39. Bxb7 Nxb7 40. Rc1 Na5 41. Rc8+ Kf7 42. Ra8 Nc6 43. Kf1 Ke6 44. Ke2 Kd5 45. Kd2 Kd4 46. Kc2 e4 47. Rc8 Kd5 48. Nc3+ Kd6 49. Rg8 Nd4+ 50. Kd2 Ne6 51. Nxe4+ Ke5 52. Re8 Rxb6 53. Nc5 Kd5 54. Nxe6 1/2-1/2

[Event "EU-chT 24th"]
[Site "Budva"]
[Date "2023.11.20"]
[Round "9.5"]
[White "Ter Sahakyan, Samvel"]
[Black "McShane, Luke J"]
[Result "1/2-1/2"]
[WhiteElo "2618"]
[BlackElo "2626"]
[PlyCount "60"]
[EventDate "2023.11.11"]
[EventType "team-swiss"]
[EventRounds "9"]
[EventCountry "MNE"]
[SourceTitle "CBM 217 Extra"]
[Source "ChessBase"]
[SourceDate "2024.01.31"]
[SourceVersion "1"]
[SourceVersionDate "2024.01.31"]
[SourceQuality "1"]
[WhiteTeam "Armenia"]
[BlackTeam "England"]
[WhiteTeamCountry "ARM"]
[BlackTeamCountry "ENG"]

1. d4 Nf6 2. c4 e6 3. Nf3 Bb4+ 4. Nbd2 b6 5. a3 Bxd2+ 6. Nxd2 Bb7 7. e3 0-0 8. b4 c5 9. dxc5 bxc5 10. b5 d5 11. Bb2 Nbd7 12. Be2 dxc4 13. 0-0 a6 14. bxa6 Bxa6 15. Nxc4 Nb6 16. Nxb6 Qxb6 17. Bxf6 gxf6 18. Rb1 Qd8 19. Bxa6 Qxd1 20. Rfxd1 Rxa6 21. Rdc1 Rxa3 22. Rxc5 Rfa8 23. g3 Ra1 24. Rxa1 Rxa1+ 25. Kg2 f5 26. h3 Ra4 27. Rb5 Kg7 28. Rc5 Kg8 29. Rb5 Kg7 30. Rc5 Kg8 1/2-1/2

[Event "EU-chT 24th"]
[Site "Budva"]
[Date "2023.11.11"]
[Round "1.6"]
[White "McShane, Luke J"]
[Black "Kacharava, Nikoloz"]
[Result "1-0"]
[WhiteElo "2626"]
[BlackElo "2519"]
[PlyCount "157"]
[EventDate "2023.11.11"]
[EventType "team-swiss"]
[EventRounds "9"]
[EventCountry "MNE"]
[SourceTitle "CBM 217 Extra"]
[Source "ChessBase"]
[SourceDate "2024.01.31"]
[SourceVersion "1"]
[SourceVersionDate "2024.01.31"]
[SourceQuality "1"]
[WhiteTeam "England"]
[BlackTeam "Georgia"]
[WhiteTeamCountry "ENG"]
[BlackTeamCountry "GEO"]

1. e4 c5 2. Nf3 e6 3. d4 cxd4 4. Nxd4 Nc6 5. Nb5 d6 6. c4 Nf6 7. N1c3 a6 8. Nd4 Be7 9. Be2 0-0 10. 0-0 d5 11. cxd5 exd5 12. Nxc6 bxc6 13. exd5 Nxd5 14. Nxd5 cxd5 15. Be3 Bf6 16. Bd4 Rb8 17. b3 Re8 18. Bf3 Be6 19. Qd2 Bxd4 20. Qxd4 Qd6 21. Rfc1 Rec8 22. h3 h6 23. Rxc8+ Rxc8 24. Rd1 Qa3 25. Rd2 Qc1+ 26. Rd1 Qa3 27. Qd2 a5 28. Kh2 Qd6+ 29. g3 Rc5 30. Qb2 Qb6 31. Rd2 Qb4 32. h4 Qb5 33. Kg2 Qc6 34. Qd4 Rc2 35. a3 Qc3 36. Qxc3 Rxc3 37. Bxd5 Bxd5+ 38. Rxd5 Rxb3 39. Rxa5 h5 40. a4 Ra3 41. Ra8+ Kh7 42. a5 g6 43. Kf1 Ra2 44. a6 Kg7 45. Kg2 Ra3 46. Kf1 Ra2 47. Ke1 Kf6 48. f3 Ra3 49. Ke2 Kg7 50. Kf2 Kf6 51. g4 hxg4 52. fxg4 Ra4 53. g5+ Kf5 54. a7 Rf4+ 55. Kg2 Rg4+ 56. Kh3 Ra4 57. h5 Ra3+ 58. Kh2 Ra2+ 59. Kh1 Ra1+ 60. Kg2 Ra2+ 61. Kg1 Ra1+ 62. Kf2 Ra2+ 63. Kf1 Ra1+ 64. Ke2 Ra2+ 65. Ke1 Ra1+ 66. Kd2 Ra2+ 67. Kd1 Ra1+ 68. Kc2 gxh5 69. g6 fxg6 70. Rf8+ Kg4 71. a8Q Rxa8 72. Rxa8 Kf3 73. Kd2 Kf2 74. Rh8 g5 75. Rxh5 g4 76. Rf5+ Kg2 77. Ke2 g3 78. Rg5 Kh2 79. Kf3 1-0

[Event "Hoogeveen m2 25th"]
[Site "Hoogeveen"]
[Date "2022.10.16"]
[Round "2"]
[White "Van Foreest, Lucas"]
[Black "McShane, Luke J"]
[Result "1-0"]
[WhiteElo "2568"]
[BlackElo "2653"]
[PlyCount "123"]
[EventDate "2022.10.15"]
[EventType "match"]
[EventRounds "6"]
[EventCountry "NED"]
[SourceTitle "CBM 210 Extra"]
[Source "ChessBase"]
[SourceDate "2022.11.30"]
[SourceVersion "1"]
[SourceVersionDate "2022.11.30"]
[SourceQuality "1"]

1. d4 Nf6 2. c4 e6 3. Nc3 Bb4 4. Qc2 d5 5. a3 Bxc3+ 6. Qxc3 0-0 7. Nf3 dxc4 8. Qxc4 b6 9. h4 Bb7 10. Bf4 Nd5 11. Bg5 f6 12. Bd2 f5 13. g3 Nd7 14. Bg2 c5 15. 0-0 Rc8 16. e4 fxe4 17. Ng5 Qe7 18. Nxe4 cxd4 19. Qxd4 Nc5 20. Nxc5 Qxc5 21. Qe5 Qe7 22. Rae1 Rfe8 23. Bh3 Rc6 24. Bg5 Qd6 25. Qxd6 Rxd6 26. Re5 Nf6 27. Rfe1 Kf7 28. Bf4 Bd5 29. R5e3 Rc6 30. Be5 b5 31. Bc3 a6 32. Re5 Rc4 33. f3 Rc6 34. Kf2 Re7 35. Rd1 Rd7 36. Rg5 h6 37. Re5 Bb3 38. Rxd7+ Nxd7 39. Re3 Bc4 40. Re1 Rd6 41. Bb4 Rd4 42. Bc3 Rd6 43. Re4 Nf6 44. Rd4 Nd5 45. Rd2 Rc6 46. Be5 Bb3 47. Bf1 Rc1 48. Be2 Bc4 49. Bd1 Ne7 50. h5 Bd5 51. g4 Nc6 52. Bf4 Ra1 53. Bc2 Na5 54. Bg6+ Ke7 55. Be5 Kf8 56. Rc2 Nc4 57. Bc3 Rh1 58. Kg3 Rg1+ 59. Kh2 Rb1 60. Bb4+ Kg8 61. Rxc4 Rxb2+ 62. Rc2 1-0

[Event "Olympiad-44"]
[Site "Chennai"]
[Date "2022.08.09"]
[Round "11.2"]
[White "McShane, Luke J"]
[Black "Hamitevici, Vladimir"]
[Result "0-1"]
[WhiteElo "2649"]
[BlackElo "2473"]
[PlyCount "118"]
[EventDate "2022.07.29"]
[EventType "team-swiss"]
[EventRounds "11"]
[EventCountry "IND"]
[SourceTitle "CBM 210"]
[Source "ChessBase"]
[SourceDate "2022.10.31"]
[SourceVersion "1"]
[SourceVersionDate "2022.10.31"]
[SourceQuality "1"]
[WhiteTeam "England"]
[BlackTeam "Moldova"]
[WhiteTeamCountry "ENG"]
[BlackTeamCountry "MDA"]

1. e4 d6 2. d4 Nf6 3. Nc3 g6 4. Be3 c6 5. Nf3 Bg7 6. Qd2 b5 7. Bd3 Nbd7 8. 0-0 0-0 9. h3 e5 10. dxe5 dxe5 11. a4 b4 12. Ne2 c5 13. Ng3 a5 14. Rad1 Qc7 15. Bb5 Ba6 16. Bxa6 Rxa6 17. Bh6 Re8 18. Qg5 Nf8 19. Bxg7 Kxg7 20. Rd2 Ng8 21. Nf5+ Kh8 22. Ne3 f6 23. Qh4 Qc6 24. Nd5 Ra7 25. b3 Rf7 26. Ne3 Ne6 27. Nc4 Nd4 28. Nxa5 Qc7 29. Nc4 f5 30. Nxd4 cxd4 31. exf5 Rxf5 32. Re1 Nf6 33. f3 Qc5 34. Kh1 g5 35. Qg3 h5 36. h4 g4 37. Rde2 gxf3 38. gxf3 Rg8 39. Qh3 e4 40. fxe4 Rf4 41. Rf1 d3 42. Re3 dxc2 43. Rxf4 c1Q+ 44. Rf1 Qc2 45. Rxf6 Qxe4+ 46. Rff3 Qcd4 47. Qf1 Qc2 48. Ne5 Qdb2 49. Nf7+ Kh7 50. Ng5+ Rxg5 51. Rf7+ Rg7 52. Re2 Qc6+ 53. Kh2 Qd6+ 54. Kh1 Qd5+ 55. Rf3 Qf6 56. Ref2 Qxh4+ 57. Rh2 Qxf3+ 58. Qxf3 Qe1+ 59. Qf1 Qxf1# 0-1